[Event "23rd Int. Tournament "]
[Site "?"]
[Date "2015.08.29"]
[Round "3.1"]
[White "Anthopoulou, Ioanna"]
[Black "Agriopoulos, Konstantinos"]
[Result "0-1"]
[WhiteElo "1281"]
[BlackElo "1693"]
[PlyCount "134"]
[EventDate "2015.08.27"]

1. e4 e5 2. Nf3 Nc6 3. Bb5 Nf6 4. d3 d6 5. c3 Be7 6. O-O O-O 7. Re1 Re8 8. Nbd2
a6 9. Ba4 b5 10. Bc2 Bf8 11. Nf1 g6 12. Ng3 Bg4 13. h3 Be6 14. Ng5 h6 15. Nxe6
Rxe6 16. Be3 d5 17. Bb3 Na5 18. Bxd5 Nxd5 19. exd5 Qxd5 20. Qd2 h5 21. Ne4 Rd8
22. Red1 Bg7 23. Kh1 f6 24. f4 f5 25. Nc5 Red6 26. Qf2 Nb7 27. fxe5 Bxe5 28.
Nxb7 Qxb7 29. d4 c5 30. Rd2 cxd4 31. cxd4 Bg7 32. Re1 Qf7 33. b3 f4 34. Qxf4
Qxf4 35. Bxf4 Rxd4 36. Rxd4 Rxd4 37. Bg5 Rd5 38. h4 Be5 39. Rf1 Bg3 40. Kg1 Rd4
41. Kh1 Bxh4 42. Bxh4 Rxh4+ 43. Kg1 Kg7 44. g3 Rd4 45. Rf2 Rg4 46. Kh2 h4 47.
gxh4 Rxh4+ 48. Kg3 Rb4 49. Kh3 a5 50. Kg3 Kh6 51. Rh2+ Kg5 52. Rf2 Rd4 53. Rf3
Rd2 54. a4 bxa4 55. bxa4 Ra2 56. Kh3 Rxa4 57. Kg3 Rb4 58. Ra3 a4 59. Kg2 Rg4+
60. Kf3 Kh4 61. Kf2 g5 62. Kf1 Rb4 63. Kg2 g4 64. Kh2 g3+ 65. Kg2 Rb2+ 66. Kg1
Kh3 67. Kf1 Kh2 0-1

[Event "23rd Int. Tournament "]
[Site "?"]
[Date "2015.08.29"]
[Round "3.2"]
[White "Stamatis, Ioannis"]
[Black "Mexas, Apostolos"]
[Result "1-0"]
[WhiteElo "1497"]
[BlackElo "1275"]
[PlyCount "71"]
[EventDate "2015.08.27"]

1. e4 c6 2. d4 d5 3. Nc3 dxe4 4. Nxe4 Bf5 5. Ng3 Bg6 6. Nf3 Nd7 7. Bd3 Bxd3 8.
Qxd3 e6 9. Bf4 Ngf6 10. O-O Nd5 11. Bd2 Bd6 12. Ne4 Be7 13. c4 N5f6 14. Bf4
Nxe4 15. Qxe4 Nf6 16. Qe2 Bd6 17. Ne5 Nd7 18. Nxf7 Kxf7 19. Bxd6 Nf6 20. Be5
Rf8 21. Rfe1 Nd7 22. Qh5+ Kg8 23. Qg4 Nxe5 24. Rxe5 Rf6 25. Rae1 Qd7 26. Qe4
Rd8 27. Rd1 Rdf8 28. f3 Re8 29. b3 Qd6 30. f4 g6 31. g3 Kf7 32. Kg2 Rf5 33. d5
cxd5 34. cxd5 Rxe5 35. fxe5 Qc5 36. dxe6+ 1-0

[Event "23rd Int. Tournament "]
[Site "?"]
[Date "2015.08.29"]
[Round "3.3"]
[White "Kolyvas-Dimitrakarakos, Panagi"]
[Black "Tagklis, Ioannis"]
[Result "1/2-1/2"]
[WhiteElo "1267"]
[BlackElo "1484"]
[PlyCount "70"]
[EventDate "2015.08.27"]

1. c4 e5 2. Nc3 Nf6 3. g3 Bb4 4. Bg2 Bxc3 5. bxc3 c6 6. d3 h6 7. Ba3 Qa5 8. Qb3
d5 9. cxd5 Nxd5 10. Bb4 Nxb4 11. Qxb4 Qxb4 12. cxb4 Be6 13. a3 a6 14. a4 Bd5
15. Bxd5 cxd5 16. Nf3 f6 17. O-O Kd7 18. Nd2 Nc6 19. Rfb1 Rhc8 20. Kf1 Nd4 21.
Nb3 Nxb3 22. Rxb3 b5 23. axb5 axb5 24. Rba3 Rxa3 25. Rxa3 Rc7 26. Ke1 Kc6 27.
Rc3+ Kb6 28. Rxc7 Kxc7 29. e3 Kd6 30. Ke2 f5 31. f3 g5 32. h3 h5 33. e4 fxe4
34. fxe4 d4 35. g4 h4 1/2-1/2

[Event "23rd Int. Tournament "]
[Site "?"]
[Date "2015.08.29"]
[Round "3.4"]
[White "Filoxeni, Danai"]
[Black "Vesdekis, Hristos"]
[Result "1/2-1/2"]
[WhiteElo "1472"]
[BlackElo "1261"]
[PlyCount "126"]
[EventDate "2015.08.27"]

1. Nf3 d5 2. d4 Nf6 3. c4 e6 4. Bg5 Be7 5. Nc3 Nbd7 6. e3 O-O 7. Bd3 Re8 8. O-O
Nf8 9. Bf4 c6 10. h3 h6 11. c5 b5 12. cxb6 axb6 13. Ne5 Bb7 14. Na4 Bd6 15. Qb3
Bxe5 16. Bxe5 N6d7 17. Bg3 b5 18. Rfc1 Rxa4 19. Qc3 Ra8 20. a3 Qe7 21. Be2 e5
22. Rd1 e4 23. Rac1 Nb6 24. Qb3 Nc8 25. Bg4 Nd6 26. Be2 Nd7 27. Qb4 Nf5 28.
Qxe7 Nxe7 29. Bg4 Nb6 30. Be2 Nc4 31. Bxc4 bxc4 32. Bd6 Bc8 33. Rb1 Be6 34.
Rdc1 Nc8 35. Bc5 Rb8 36. a4 Rb3 37. Rc3 Bd7 38. Rxb3 cxb3 39. Ra1 Ne7 40. Ra3
Ng6 41. Rxb3 Ra8 42. Rb7 Be6 43. b3 Nf8 44. Ba7 Bc8 45. Rc7 Ne6 46. Re7 Ba6 47.
Bc5 Nxc5 48. dxc5 Rb8 49. Rc7 Rxb3 50. Rxc6 Bc4 51. Rc8+ Kh7 52. c6 Rc3 53. c7
Ba6 54. Ra8 Rc6 55. Rxa6 Rxc7 56. a5 Rc5 57. Ra8 Rb5 58. a6 Ra5 59. a7 f6 60.
Rd8 Rxa7 61. Rxd5 Ra1+ 62. Kh2 Ra2 63. Kg3 g6 1/2-1/2

[Event "23rd Int. Tournament "]
[Site "?"]
[Date "2015.08.29"]
[Round "3.5"]
[White "Pogiatzis, Grigorios"]
[Black "Darviris, Dimitrios"]
[Result "1-0"]
[WhiteElo "1471"]
[BlackElo "1258"]
[PlyCount "47"]
[EventDate "2015.08.27"]

1. e4 d5 2. exd5 Qxd5 3. Nf3 Bg4 4. Be2 Nf6 5. d4 e6 6. O-O Nbd7 7. c4 Qc6 8.
Nc3 Nb6 9. c5 Bxf3 10. gxf3 a6 11. cxb6 Qxb6 12. Ne4 Nd5 13. Qa4+ c6 14. Bd2
Bb4 15. Bxb4 Nxb4 16. Nd6+ Ke7 17. Nc4 Qb5 18. Qb3 Rag8 19. a3 Qg5+ 20. Kh1 Nd5
21. Qxb7+ Kf8 22. Ne5 Qf5 23. Bd3 Qh5 24. Bg6 1-0

[Event "23rd Int. Tournament "]
[Site "?"]
[Date "2015.08.29"]
[Round "3.6"]
[White "Barous, Theodoros"]
[Black "Kefalas, Sotirios"]
[Result "1-0"]
[WhiteElo "1435"]
[BlackElo "1250"]
[PlyCount "59"]
[EventDate "2015.08.27"]

1. e4 c5 2. Nc3 d6 3. g3 Nc6 4. Bg2 g6 5. d3 Bg7 6. Be3 Rb8 7. h3 b5 8. Rb1 e6
9. Nge2 Nge7 10. Qd2 Nd4 11. O-O b4 12. Nd1 O-O 13. Nxd4 cxd4 14. Bh6 Ba6 15.
Bxg7 Kxg7 16. f4 Qc7 17. Nf2 Qc5 18. Ng4 f5 19. Nf2 Rfc8 20. Rbc1 Kg8 21. Qe2
Re8 22. h4 h6 23. g4 Nc6 24. h5 gxh5 25. gxf5 exf5 26. Qxh5 Kh7 27. exf5 Ne7
28. Qf7+ Kh8 29. Ne4 Nxf5 30. Nxc5 1-0

[Event "23rd Int. Tournament "]
[Site "?"]
[Date "2015.08.29"]
[Round "3.7"]
[White "Betsos, Nikolaos-Evangelos"]
[Black "Sahpatsidis, Haralabos"]
[Result "1/2-1/2"]
[WhiteElo "1267"]
[BlackElo "1433"]
[PlyCount "88"]
[EventDate "2015.08.27"]

1. e4 e6 2. d4 d5 3. exd5 exd5 4. Nc3 Nf6 5. Nf3 Bb4 6. Bd2 O-O 7. Be2 Re8 8.
O-O Nc6 9. Bb5 Qd6 10. Bxc6 bxc6 11. Ne5 Bf5 12. Bf4 Qe6 13. Re1 Ne4 14. Re3 f6
15. Nd3 Bxc3 16. bxc3 Qf7 17. Qe1 Nd6 18. Bxd6 Rxe3 19. Qxe3 cxd6 20. Re1 Kf8
21. Qf4 Qd7 22. h3 Re8 23. Rxe8+ Kxe8 24. Nb4 g5 25. Qe3+ Kf7 26. Qf3 Be4 27.
Qh5+ Bg6 28. Qf3 a5 29. Nd3 Be4 30. Qh5+ Kg7 31. Qe2 Qb7 32. Qd1 Qb5 33. Kh2
Qc4 34. h4 h6 35. hxg5 hxg5 36. f4 Kh6 37. fxg5+ fxg5 38. Qg4 Qxc3 39. Qe6+ Bg6
40. Qh3+ Kg7 41. Qd7+ Kh6 42. Qh3+ Kg7 43. Qd7+ Bf7 44. Qg4 Kh6 1/2-1/2

[Event "23rd Int. Tournament "]
[Site "?"]
[Date "2015.08.29"]
[Round "3.8"]
[White "Koutis, Pavlos"]
[Black "Loutragotis, Marios"]
[Result "1-0"]
[WhiteElo "1244"]
[BlackElo "1400"]
[PlyCount "46"]
[EventDate "2015.08.27"]

1. e4 e5 2. Nf3 Nc6 3. d4 exd4 4. Nxd4 Nxd4 5. Qxd4 c5 6. Qd3 d6 7. Nc3 Nf6 8.
Bg5 Be7 9. f4 O-O 10. O-O-O Ne8 11. Bxe7 Qxe7 12. Nd5 Qd8 13. f5 b6 14. h4 Bb7
15. g4 f6 16. g5 fxg5 17. hxg5 Qxg5+ 18. Kb1 Bxd5 19. Qxd5+ Kh8 20. Qxa8 Qg4
21. Bd3 a5 22. Rhg1 Qf3 23. Qd8 a4 1-0

[Event "23rd Int. Tournament "]
[Site "?"]
[Date "2015.08.29"]
[Round "3.9"]
[White "Kontopanagos, Ioannis"]
[Black "Sakkas, Konstantinos"]
[Result "1-0"]
[WhiteElo "1224"]
[BlackElo "1393"]
[PlyCount "62"]
[EventDate "2015.08.27"]

1. e4 e5 2. Nf3 Nc6 3. Bb5 d6 4. d4 exd4 5. Nxd4 Bd7 6. Nxc6 Bxc6 7. Bxc6+ bxc6
8. O-O Nf6 9. Bg5 Be7 10. Nc3 O-O 11. f4 h6 12. Bh4 Nxe4 13. Bxe7 Qxe7 14. Re1
Nxc3 15. Rxe7 Nxd1 16. Rxd1 Rfc8 17. Rde1 Kf8 18. Rd7 Re8 19. Rxe8+ Kxe8 20.
Rxc7 c5 21. Kf2 Rb8 22. b3 Ra8 23. Ke3 a5 24. a4 Ra6 25. Ke4 g5 26. fxg5 hxg5
27. Kf5 Kf8 28. Kxg5 Kg7 29. h4 d5 30. h5 d4 31. Rxc5 f6+ 1-0

[Event "23rd Int. Tournament "]
[Site "?"]
[Date "2015.08.29"]
[Round "3.10"]
[White "Mexas, Pantaleon"]
[Black "Charalampidis, Vasilios"]
[Result "0-1"]
[WhiteElo "1308"]
[BlackElo "1174"]
[PlyCount "76"]
[EventDate "2015.08.27"]

1. f4 d5 2. e3 Nc6 3. Nf3 Nf6 4. b3 Bf5 5. Bb2 e6 6. Bb5 Bd6 7. O-O O-O 8. Nc3
a6 9. Bxc6 bxc6 10. Ne2 Nd7 11. Ned4 c5 12. Nxf5 exf5 13. Qe1 Qe7 14. Qg3 f6
15. Nh4 Qe6 16. Qh3 g6 17. Qg3 Rf7 18. Rae1 Rg7 19. Qf3 Qe4 20. d3 Qxf3 21.
Rxf3 Re8 22. g3 Rge7 23. Ng2 Kf7 24. Kf2 Nb6 25. c4 Re6 26. a3 d4 27. a4 dxe3+
28. Rfxe3 Rxe3 29. Rxe3 Rb8 30. d4 Nxc4 31. bxc4 Rxb2+ 32. Re2 Rb4 33. dxc5
Bxc5+ 34. Ke1 Rxc4 35. Ra2 Rc1+ 36. Ke2 Rh1 37. h4 Rg1 38. Kf3 Rf1+ 0-1

[Event "23rd Int. Tournament "]
[Site "?"]
[Date "2015.08.30"]
[Round "4.1"]
[White "Grigoriadis, Alexandros"]
[Black "Nikolaou, Georgios"]
[Result "1/2-1/2"]
[WhiteElo "2153"]
[BlackElo "2317"]
[PlyCount "85"]
[EventDate "2015.08.27"]
[TimeControl "120+22"]
[WhiteClock "0:00:16"]
[BlackClock "0:00:14"]

1. c4 c5 2. Nf3 g6 3. Nc3 Bg7 4. d4 cxd4 5. Nxd4 Nc6 6. Nb3 d6 7. e4 Bxc3+ 8.
bxc3 b6 9. Bg5 Qc7 10. f4 h6 11. Bh4 g5 12. fxg5 hxg5 13. Bxg5 Ne5 14. Qd4 Be6
15. Nd2 Rc8 16. O-O-O f6 17. Be3 Nh6 18. Kb2 Nhg4 19. Bf4 Nc6 20. Qg1 Na5 21.
h3 Ne5 22. Bxe5 dxe5 23. Qe3 Qc5 24. Qf3 Kf7 25. Be2 Bxc4 26. Bxc4+ Nxc4+ 27.
Nxc4 Qxc4 28. g4 b5 29. Qd3 Qxd3 30. Rxd3 Rc4 31. Re3 b4 32. Kb3 Rxc3+ 33. Rxc3
bxc3 34. Kxc3 Rd8 35. h4 Rd4 36. Re1 Kg6 37. Kc2 a5 38. Kc3 Rb4 39. a3 Ra4 40.
Kb3 Rd4 41. Kc2 Rd7 42. Re3 Rd4 43. Re1 1/2-1/2

[Event "23rd Int. Tournament "]
[Site "?"]
[Date "2015.08.30"]
[Round "4.2"]
[White "Pountzas, Hrisanthos"]
[Black "Karagiannis, Athanasios"]
[Result "0-1"]
[WhiteElo "2128"]
[BlackElo "2232"]
[PlyCount "70"]
[EventDate "2015.08.27"]
[TimeControl "120+25"]
[WhiteClock "0:00:04"]
[BlackClock "0:00:13"]

1. c4 Nf6 2. Nf3 e6 3. g3 b6 4. Bg2 Bb7 5. O-O c5 6. Nc3 Be7 7. d4 cxd4 8. Qxd4
O-O 9. e4 Nc6 10. Qe3 Bc5 11. Qe2 e5 12. Bg5 h6 13. Bxf6 Qxf6 14. Rad1 d6 15.
Qd2 Ne7 16. Rfe1 Bc8 17. Nd5 Nxd5 18. cxd5 Bg4 19. Qd3 Bb4 20. Rf1 a5 21. Rc1
Bc8 22. Nd2 Ba6 23. Nc4 Rac8 24. b3 Bc5 25. Kh1 Qe7 26. Bh3 Rce8 27. Kg2 g6 28.
Rc2 f5 29. Qd2 Kg7 30. f3 fxe4 31. fxe4 Rxf1 32. Kxf1 Rf8+ 33. Ke1 Bb4 34. Rc3
Bxc4 35. bxc4 Qg5 0-1

[Event "23rd Int. Tournament "]
[Site "?"]
[Date "2015.08.30"]
[Round "4.3"]
[White "Zervos, Lazaros"]
[Black "Tsiros, Fragkiskos Vlasios"]
[Result "0-1"]
[WhiteElo "1986"]
[BlackElo "2216"]
[PlyCount "101"]
[EventDate "2015.08.27"]
[TimeControl "120+29"]
[WhiteClock "0:00:00"]
[BlackClock "0:00:03"]

1. e4 e5 2. Nf3 Nc6 3. d4 exd4 4. Nxd4 Qf6 5. Nb5 Bb4+ 6. N1c3 Qe5 7. Qf3 Nd4
8. Nxd4 Qxd4 9. Bd2 Qf6 10. Qg3 c6 11. O-O-O Ne7 12. f4 O-O 13. Bd3 d5 14. Rhf1
Qg6 15. Qxg6 hxg6 16. exd5 cxd5 17. Nb5 Bc5 18. Rde1 a6 19. Nc3 Be6 20. Bxg6
Nxg6 21. f5 Nh4 22. fxe6 fxe6 23. Rxf8+ Rxf8 24. Bg5 Nxg2 25. Re2 Rf5 26. h4
Nf4 27. Bxf4 Rxf4 28. Rxe6 d4 29. Re8+ Kf7 30. Re4 Rf1+ 31. Nd1 Kf6 32. Rg4 g6
33. a3 a5 34. Kd2 Rf5 35. Ke2 Rh5 36. Nf2 Kf5 37. Kf3 Be7 38. Rf4+ Ke6 39. Re4+
Kf7 40. Rxd4 Rxh4 41. Rd7 b5 42. Ng4 Ke6 43. Rb7 Rh5 44. Ra7 Rf5+ 45. Ke2 Rg5
46. Kf3 a4 47. c4 Rf5+ 48. Ke4 Bd6 49. Ne3 Re5+ 50. Kd3 Rxe3+ 51. Kd2 0-1

[Event "23rd Int. Tournament "]
[Site "?"]
[Date "2015.08.30"]
[Round "4.4"]
[White "Kapnisis, Spyridon"]
[Black "Trimitzios, Petros"]
[Result "1-0"]
[WhiteElo "2455"]
[BlackElo "2006"]
[PlyCount "42"]
[EventDate "2015.08.27"]
[TimeControl "120+15"]
[WhiteClock "0:00:13"]
[BlackClock "0:00:10"]

1. c4 Nf6 2. Nc3 c5 3. g3 Nc6 4. Bg2 g6 5. e3 Bg7 6. Nge2 O-O 7. O-O d6 8. b3
Bf5 9. d4 Qc8 10. Bb2 Bh3 11. d5 Bxg2 12. Kxg2 Ne5 13. f3 Rd8 14. Qd2 e6 15.
Rad1 exd5 16. Nxd5 Nxd5 17. Qxd5 Qe6 18. Bxe5 Qxe5 19. Rd3 Qe7 20. h4 Rab8 21.
h5 Qe6 1-0

[Event "23rd Int. Tournament "]
[Site "?"]
[Date "2015.08.30"]
[Round "4.5"]
[White "Korniotis, Filippos"]
[Black "Simeonidis, Ioannis"]
[Result "1-0"]
[WhiteElo "2006"]
[BlackElo "2266"]
[PlyCount "65"]
[EventDate "2015.08.27"]
[TimeControl "120+16"]
[WhiteClock "0:00:49"]
[BlackClock "0:00:06"]

1. d4 d6 2. Nf3 Nf6 3. c4 g6 4. Nc3 Bg7 5. e4 O-O 6. Be2 Bg4 7. Be3 Nfd7 8. Qd2
e5 9. d5 Bxf3 10. gxf3 Nf6 11. f4 exf4 12. Bxf4 Re8 13. f3 Nh5 14. Bg5 Bf6 15.
f4 Bxc3 16. bxc3 f6 17. Bh6 Rxe4 18. O-O-O Ng7 19. Bd3 Re7 20. h4 Nd7 21. h5
Nxh5 22. f5 Ne5 23. fxg6 hxg6 24. Bxg6 Nxg6 25. Rdg1 Kf7 26. Rxh5 Qd7 27. Bg7
Rg8 28. Bxf6 Ke8 29. Bxe7 Qxe7 30. Rhg5 Qf6 31. Qe3+ Kf8 32. R1g2 Qe7 33. Qf2+
1-0

[Event "23rd Int. Tournament "]
[Site "?"]
[Date "2015.08.30"]
[Round "4.6"]
[White "Alexakis, Dimitrios"]
[Black "Kostouros, Alexandros"]
[Result "1-0"]
[WhiteElo "2197"]
[BlackElo "2082"]
[PlyCount "83"]
[EventDate "2015.08.27"]
[TimeControl "120+16"]
[WhiteClock "0:00:14"]
[BlackClock "0:00:22"]

1. e4 e5 2. Nf3 Nf6 3. Nc3 Nc6 4. d4 exd4 5. Nxd4 Bb4 6. Nxc6 bxc6 7. Bd3 d5 8.
exd5 Nxd5 9. O-O O-O 10. Ne4 f5 11. Ng5 Be7 12. Nf3 Bf6 13. c3 Kh8 14. Qc2 Qd6
15. Re1 Rb8 16. Bd2 Nf4 17. Bf1 c5 18. Rad1 Bb7 19. Bc1 Nd5 20. c4 Nb4 21. Qb3
Qa6 22. Ne5 Bxe5 23. Rxe5 Be4 24. Qg3 Nxa2 25. Re7 Qf6 26. Bg5 Qxb2 27. Rdd7
Rbe8 28. Rxg7 Qxg7 29. Rxg7 Kxg7 30. Be7+ Kf7 31. Bxf8 Kxf8 32. Qxc7 Re7 33.
Qxc5 Nc3 34. f3 Bc2 35. Qd4 Nd1 36. c5 Bb3 37. c6 Kf7 38. h4 a5 39. Bc4+ Bxc4
40. Qxc4+ Kg6 41. Qg8+ Kf6 42. Qd8 1-0

[Event "23rd Int. Tournament "]
[Site "?"]
[Date "2015.08.30"]
[Round "4.7"]
[White "Spyropoulos, Nikolaos"]
[Black "Gazis, Efstathios"]
[Result "0-1"]
[WhiteElo "1993"]
[BlackElo "2146"]
[PlyCount "80"]
[EventDate "2015.08.27"]
[TimeControl "120+15"]
[WhiteClock "0:00:18"]
[BlackClock "0:00:38"]

1. e4 c5 2. Nf3 e6 3. d4 cxd4 4. Nxd4 a6 5. Bd3 Nf6 6. c4 Qc7 7. Qe2 d6 8. O-O
g6 9. Nc3 Bg7 10. Be3 O-O 11. Rac1 Nbd7 12. Rfd1 Ne5 13. f3 b6 14. Nb3 Rb8 15.
a4 Bb7 16. Nd4 Rfc8 17. b3 Qe7 18. Kh1 Nfd7 19. Bb1 Nc5 20. f4 Nc6 21. Nxc6
Bxc6 22. Bxc5 bxc5 23. Rd3 Qh4 24. g3 Qd8 25. Bc2 Qa5 26. Nd1 Rd8 27. Nf2 Bd4
28. Kg1 Re8 29. Kf1 f5 30. Rdd1 Qc7 31. Re1 Kh8 32. Rb1 Qg7 33. Qd1 Ba8 34. Re2
e5 35. exf5 Bf3 36. fxg6 Bxe2+ 37. Qxe2 exf4 38. Qh5 fxg3 39. hxg3 Rf8 40. Bf5
Rxf5 0-1

[Event "23rd Int. Tournament "]
[Site "?"]
[Date "2015.08.30"]
[Round "4.8"]
[White "Poulopoulos, Ioannis"]
[Black "Sideris, Theodoros"]
[Result "1-0"]
[WhiteElo "2133"]
[BlackElo "1992"]
[PlyCount "67"]
[EventDate "2015.08.27"]
[TimeControl "120+17"]
[WhiteClock "0:00:25"]
[BlackClock "0:00:14"]

1. d4 Nf6 2. Nf3 g6 3. Bg5 Bg7 4. c3 d6 5. Nbd2 O-O 6. e4 Nc6 7. Qc2 e5 8. dxe5
Nxe5 9. Nxe5 dxe5 10. Be2 Qd6 11. O-O h6 12. Bh4 Qc6 13. Rfe1 Be6 14. f3 Nh5
15. Bf1 g5 16. Bf2 a5 17. a4 Rfd8 18. Rad1 b6 19. b3 Nf4 20. Nc4 Bxc4 21. Bxc4
Bf8 22. Kh1 Qf6 23. Bd5 Rab8 24. Bc4 h5 25. Be3 Rxd1 26. Rxd1 Bd6 27. Qd2 Kg7
28. g3 Ne6 29. Rf1 Bc5 30. Bxe6 Bxe3 31. Qxe3 fxe6 32. f4 Rf8 33. f5 Qe7 34.
f6+ 1-0

[Event "23rd Int. Tournament "]
[Site "?"]
[Date "2015.08.30"]
[Round "4.9"]
[White "Kouskoutis, Georgios-Alexandro"]
[Black "Alexakis, Georgios"]
[Result "1-0"]
[WhiteElo "2128"]
[BlackElo "1907"]
[PlyCount "73"]
[EventDate "2015.08.27"]
[TimeControl "120+16"]
[WhiteClock "0:00:07"]
[BlackClock "0:00:44"]

1. e4 c5 2. Nf3 e6 3. d4 cxd4 4. Nxd4 Nc6 5. Nc3 Nf6 6. Ndb5 d6 7. Bf4 e5 8.
Bg5 a6 9. Na3 b5 10. Nd5 Be7 11. Bxf6 Bxf6 12. c3 Ne7 13. Nxe7 Kxe7 14. g3 Bb7
15. Bg2 Qb6 16. Nc2 Rhd8 17. O-O Kf8 18. Kh1 Kg8 19. h4 Rac8 20. Ne3 g6 21. Qb3
Bg7 22. Rae1 Rc5 23. f4 Qc7 24. f5 a5 25. a3 a4 26. Qd1 h5 27. fxg6 fxg6 28.
Nd5 Bxd5 29. exd5 Qe7 30. Bh3 Bf6 31. Be6+ Kg7 32. Re4 Rf8 33. Kg2 Re8 34. g4
Qb7 35. Qf3 Rf8 36. gxh5 gxh5 37. Qxh5 1-0

[Event "23rd Int. Tournament "]
[Site "?"]
[Date "2015.08.30"]
[Round "4.10"]
[White "Kalodoukas, Odysseas"]
[Black "Pandelidis, Ioannis"]
[Result "1/2-1/2"]
[WhiteElo "1907"]
[BlackElo "2114"]
[PlyCount "71"]
[EventDate "2015.08.27"]
[TimeControl "120+31"]
[WhiteClock "0:00:03"]
[BlackClock "0:00:03"]

1. d4 Nf6 2. c4 e6 3. Nc3 Bb4 4. Qc2 O-O 5. a3 Bxc3+ 6. Qxc3 Qe8 7. f3 d6 8. e4
Nfd7 9. Be3 e5 10. g4 exd4 11. Bxd4 Ne5 12. Ne2 Nbc6 13. Bf2 Ng6 14. O-O-O Qe5
15. h4 Be6 16. Qc2 Qf6 17. Qc3 Nge5 18. f4 Nxg4 19. Qxf6 Nxf6 20. Nc3 Bg4 21.
Re1 Rfe8 22. Bg2 Na5 23. c5 dxc5 24. e5 Nh5 25. Be3 c6 26. Ne4 b6 27. Nd6 Red8
28. b4 cxb4 29. axb4 Ng3 30. Rh2 Ne2+ 31. Kc2 Rxd6 32. exd6 Nc4 33. Kd3 Nb2+
34. Kc2 Nc4 35. Kd3 Nb2+ 36. Kc2 1/2-1/2

[Event "23rd Int. Tournament "]
[Site "?"]
[Date "2015.08.30"]
[Round "4.11"]
[White "Nikolaou, Spiridon"]
[Black "Papadopoulos, Georgios Nikea"]
[Result "1-0"]
[WhiteElo "2096"]
[BlackElo "1830"]
[PlyCount "91"]
[EventDate "2015.08.27"]
[TimeControl "120+14"]
[WhiteClock "0:01:20"]
[BlackClock "0:00:52"]

1. d4 Nf6 2. c4 e6 3. Nf3 d5 4. Nc3 Be7 5. Qc2 O-O 6. Bg5 h6 7. Bxf6 Bxf6 8.
O-O-O c5 9. dxc5 Qa5 10. cxd5 Bxc3 11. Qxc3 Qxc3+ 12. bxc3 exd5 13. Rxd5 Be6
14. Rd2 Rc8 15. Nd4 Bd7 16. g3 Rxc5 17. Kb2 Na6 18. Nb3 Rc7 19. Bg2 Be6 20.
Rhd1 Nc5 21. Rd8+ Rxd8 22. Rxd8+ Kh7 23. Nxc5 Rxc5 24. Be4+ Bf5 25. Rd5 Rxd5
26. Bxd5 Kg6 27. Bxb7 Kf6 28. Kb3 Ke5 29. Kb4 Kd6 30. c4 Bg4 31. e4 Be2 32. c5+
Kc7 33. Bd5 f6 34. f4 Bf3 35. Kc4 Be2+ 36. Kd4 Bb5 37. h4 Bd7 38. f5 Be8 39. g4
Ba4 40. e5 fxe5+ 41. Kxe5 Kd7 42. g5 hxg5 43. hxg5 Ke7 44. f6+ gxf6+ 45. gxf6+
Ke8 46. Kd6 1-0

[Event "23rd Int. Tournament "]
[Site "?"]
[Date "2015.08.30"]
[Round "4.12"]
[White "Kotrotsos, Vasilios"]
[Black "Karakatsanis, Nikolaos"]
[Result "1-0"]
[WhiteElo "2273"]
[BlackElo "1919"]
[PlyCount "33"]
[EventDate "2015.08.27"]
[TimeControl "120+13"]
[WhiteClock "0:01:04"]
[BlackClock "0:01:21"]

1. d4 Nf6 2. c4 e5 3. dxe5 Ng4 4. e4 Nxe5 5. f4 Ng6 6. Be3 Nc6 7. Nf3 Bb4+ 8.
Nc3 d6 9. Bd3 Ba5 10. Qd2 Bb6 11. Nd5 Bxe3 12. Qxe3 O-O 13. O-O-O f5 14. exf5
Bxf5 15. Bxf5 Rxf5 16. Qe6+ Rf7 17. Ng5 1-0

[Event "23rd Int. Tournament "]
[Site "?"]
[Date "2015.08.30"]
[Round "4.13"]
[White "Drakoulakos, Grigorios"]
[Black "Katopodis, Dimitrios"]
[Result "1-0"]
[WhiteElo "2233"]
[BlackElo "1905"]
[PlyCount "99"]
[EventDate "2015.08.27"]

1. e4 e5 2. Nf3 Nc6 3. Bb5 Nf6 4. O-O Nxe4 5. d4 Nd6 6. Bxc6 dxc6 7. dxe5 Nf5
8. Qxd8+ Kxd8 9. Nc3 Bd7 10. h3 h6 11. Rd1 Ke8 12. b3 Rd8 13. Bb2 Be6 14. Rxd8+
Kxd8 15. Ne2 c5 16. Nf4 b6 17. Kh2 Kc8 18. g4 Ne7 19. Kg3 Nc6 20. Nxe6 fxe6 21.
Nh4 Be7 22. Rd1 Rd8 23. Rxd8+ Kxd8 24. Bc3 Ke8 25. Ng2 Kf7 26. f4 g6 27. Kf3
Bf8 28. Ke4 Ne7 29. Ne3 a6 30. Bd2 Bg7 31. f5 Nc6 32. f6 Bf8 33. c3 Nb8 34. Ng2
Nc6 35. Ne1 Nb8 36. Nf3 Nc6 37. h4 Nd8 38. h5 g5 39. Bxg5 hxg5 40. Nxg5+ Kg8
41. Nf3 Nc6 42. g5 Nd8 43. g6 Bh6 44. Nh2 Kf8 45. Ng4 Bg5 46. h6 Kg8 47. f7+
Nxf7 48. h7+ Kg7 49. gxf7 Be7 50. Nf6 1-0

[Event "23rd Int. Tournament "]
[Site "?"]
[Date "2015.08.30"]
[Round "4.14"]
[White "Sakaridis, Emmanouil"]
[Black "Kordis, Konstantinos"]
[Result "1/2-1/2"]
[WhiteElo "1939"]
[BlackElo "2205"]
[PlyCount "85"]
[EventDate "2015.08.27"]

1. d4 Nf6 2. c4 g6 3. Nc3 Bg7 4. e4 d6 5. f3 O-O 6. Be3 Nbd7 7. Nh3 c5 8. d5
Ne5 9. Nf2 e6 10. Be2 exd5 11. cxd5 h5 12. O-O a6 13. a4 b6 14. Qd2 Re8 15. h3
Rb8 16. Rae1 Nh7 17. f4 Nd7 18. Kh1 Qh4 19. Kh2 Qe7 20. Bd3 b5 21. axb5 axb5
22. Nxb5 Ba6 23. Nc3 Bxd3 24. Nxd3 Nb6 25. b3 Qb7 26. Nf2 f5 27. e5 dxe5 28.
Bxc5 exf4 29. b4 Nf6 30. d6 g5 31. Re7 Rxe7 32. dxe7 Nbd5 33. Nxd5 Nxd5 34. Re1
Re8 35. Qa2 Kh7 36. Qa4 Rxe7 37. Bxe7 Ne3 38. Rxe3 fxe3 39. Qe8 exf2 40. Qxh5+
Kg8 41. Qe8+ Kh7 42. Qh5+ Kg8 43. Qe8+ 1/2-1/2

[Event "23rd Int. Tournament "]
[Site "?"]
[Date "2015.08.30"]
[Round "4.15"]
[White "Koerant, Filipos"]
[Black "Stamos, Filippos"]
[Result "0-1"]
[WhiteElo "1887"]
[BlackElo "2170"]
[PlyCount "66"]
[EventDate "2015.08.27"]

1. d4 Nf6 2. c4 e6 3. Nc3 Bb4 4. e3 c5 5. Nge2 cxd4 6. exd4 O-O 7. a3 Be7 8.
Nf4 d6 9. Bd3 Nc6 10. Be3 e5 11. dxe5 dxe5 12. Nfd5 Nxd5 13. Nxd5 f5 14. f4
exf4 15. Nxf4 Bh4+ 16. g3 Re8 17. Qd2 Nd4 18. Kf2 Nb3 19. Qc3 Nxa1 20. Nd5 Be6
21. Rxa1 Bxd5 22. cxd5 Bf6 23. Qb3 Be5 24. Bb5 f4 25. d6+ Kh8 26. Bxf4 Rf8 27.
d7 Bxf4 28. gxf4 Rxf4+ 29. Kg2 a6 30. Re1 Rf8 31. Ba4 b5 32. Qd5 bxa4 33. Qd6
Qf6 0-1

[Event "23rd Int. Tournament "]
[Site "?"]
[Date "2015.08.30"]
[Round "4.16"]
[White "Delithanasis, Dimitrios"]
[Black "Hrisafis, Argirios"]
[Result "1-0"]
[WhiteElo "2105"]
[BlackElo "1884"]
[PlyCount "71"]
[EventDate "2015.08.27"]

1. d4 Nf6 2. c4 e6 3. Nc3 Bb4 4. e3 O-O 5. Nge2 c5 6. a3 Bxc3+ 7. Nxc3 d6 8.
Bd3 Nc6 9. d5 exd5 10. cxd5 Ne5 11. Be2 a6 12. a4 Bf5 13. f3 Re8 14. O-O c4 15.
e4 Bd7 16. Qd4 b5 17. Bg5 h6 18. Bh4 Qe7 19. Rfe1 Ng6 20. Bf2 Nf4 21. Bf1 N6h5
22. Kh1 Qe5 23. Qd2 Ng6 24. g3 Nf6 25. Bg2 Qh5 26. f4 b4 27. Nd1 a5 28. Bd4 Bh3
29. Bxf6 gxf6 30. Ne3 Bxg2+ 31. Qxg2 c3 32. bxc3 bxc3 33. Nf5 Ne7 34. Nxd6 Red8
35. Nb5 Rdc8 36. Rac1 1-0